000 00836nam a2200181Ia 4500
008 151202s9999||||xx |||||||||||||| ||und||
082 _bPNVM-72381
100 _aजे. कृष्णमूर्ती/अनु-घैसास दिवाकर.
245 _aप्रथम अर्थात अंतिम मुक्ती.
260 _bढवळे के.भि. मुंबई.
260 _c72381
300 _a323
600 _aजे. कृष्णमूर्ती/अनु-घैसास दिवाकर.
630 _aप्रथम अर्थात अंतिम मुक्ती.
700 _aजे. कृष्णमूर्ती/अनु-घैसास दिवाकर.
730 _aप्रथम अर्थात अंतिम मुक्ती.
942 _cBOOK
999 _c1339046
_d1339043